| 000 | 00333nam a22001337a 4500 | ||
|---|---|---|---|
| 008 | 230619b xxu||||| |||| 00| 0 eng d | ||
| 020 | _a075063801X | ||
| 082 |
_a005.8 _bKEI |
||
| 100 | _cKeith Brindley | ||
| 245 | _aWord 97 for windows made simple | ||
| 260 |
_bBritish Library Cataloging _c1997 |
||
| 300 | _a152p | ||
| 942 |
_2ddc _cBK |
||
| 999 |
_c1216 _d1216 |
||